000 00428nam a22001337a 4500
082 _a2019
100 _aSaarc Energy Centre.
_931481
245 _aStudy on promotion of trans - Border Crude Oil and Pol Products Business in SAARC Member States /
_cSaarc Energy Centre.
260 _aIslamabad :
300 _a85 p. : ill.
_c30cm.
650 _aSAARC - Report 2019.
_931482
700 _aDir. M Naeem Malik.
_931480
942 _cCR
999 _c536364
_d536364